000 00882 a2200265 4500
003 Nust
005 20170207170502.0
010 _a 2006102454
020 _a0123705487 (hardcover : alk. paper)
020 _a0123740134 (pbk. : alk. paper)
020 _a9780123705488 (hardcover : alk. paper)
020 _a9780123740137 (pbk. : alk. paper)
035 _a(OCoLC)77486013
035 _a(OCoLC)ocm77486013
040 _cNust
082 0 0 _a004.65
100 1 _aPeterson, Larry L.
245 1 0 _aComputer networks : a systems approach (EBOOK)
_cLarry L. Peterson & Bruce S. Davie.
250 _a4th ed.
260 _aAmsterdam ;
_aBoston :
_bMorgan Kaufmann,
_cc2007.
300 _axxvii, 806 p. :
_bill. ;
_c25 cm.
650 0 _aComputer networks.
700 1 _aDavie, Bruce S.
856 4 2 _3Publisher description
_uhttp://www.loc.gov/catdir/enhancements/fy0704/2006102454-d.html
942 _2ddc
_cBK
999 _c215088
_d215088